00977cam a2200253 a 4500020001800000020001500018020002800033020003100061040000800092082002600100245006100126246006200187260009100249300003500340650003200375650002600407650003100433700002300464700002300487710001600510856005900526856006900585856006900654 a9780821369357 a0821369350 a0821369369 (electronic) a9780821369364 (electronic) cDLC00a304 WOR 2007 A077 Or.00aInternational migration, economic development & policy /3 aInternational migration, economic development, and policy aWashington, DC :bWorld Bank ;aBasingstoke ;aNew York :bPalgrave Macmillan,cc2007. axvii, 299 p. :bill. ;c23 cm. 0aEmigration and immigration. 0aEmigrant remittances. 0aEmigration and immigration1 aÖzden, Çaglar.1 aSchiff, Maurice W.2 aWorld Bank.41uhttp://www.loc.gov/catdir/toc/ecip0713/2007011294.html42uhttps://www.loc.gov/catdir/enhancements/fy1609/2007011294-b.html42uhttps://www.loc.gov/catdir/enhancements/fy1609/2007011294-d.html